| 000 -LEADER |
| fixed length control field |
01618nam a22001577a 4500 |
| 008 - FIXED-LENGTH DATA ELEMENTS--GENERAL INFORMATION |
| fixed length control field |
210817b ||||| |||| 00| 0 eng d |
| 100 ## - MAIN ENTRY--PERSONAL NAME |
| Personal name |
Bentzen, T.O. and Winsvold, M. |
| 245 ## - TITLE STATEMENT |
| Title |
Strengthening local political leadership through institutional design: How and why |
| 260 ## - PUBLICATION, DISTRIBUTION, ETC. (IMPRINT) |
| Place of publication, distribution, etc |
Local Government Studies |
| 300 ## - PHYSICAL DESCRIPTION |
| Extent |
46(3), Jun, 2020: p.483-504 |
| 520 ## - SUMMARY, ETC. |
| Summary, etc |
Over recent decades, the institutions of political leadership have been criticised for being caught up in outdated designs that are not adapting to societal changes. In many western countries, this diagnosis has spurred design reforms aimed at strengthening political leadership at the local level. Based on a study of reforms in Norwegian and Danish municipalities, this article first develops a typology of reforms aimed at strengthening local political leadership. Leadership reforms are categorised into four types aimed at strengthening Executive, Collective, Collaborative, or Distributive political leadership. The typology is used to map the prevalence of the different types of reforms in the two countries. The results show that design reforms as such are more widespread in Danish than in Norwegian municipalities. In particular, reforms aimed at strengthening Distributive political leadership are used more extensively in Denmark than in Norway. The article discusses the contextual differences that may explain this variation. – Reproduced |
| 650 ## - SUBJECT ADDED ENTRY--TOPICAL TERM |
| Topical term or geographic name as entry element |
Local government, Political leadership, Institutional design, Reforms |
| 9 (RLIN) |
26893 |
| 773 ## - HOST ITEM ENTRY |
| Main entry heading |
Local Government Studies |
| 906 ## - LOCAL DATA ELEMENT F, LDF (RLIN) |
| Subject DIP |
POLITICAL LEADERSHIP |
| 942 ## - ADDED ENTRY ELEMENTS (KOHA) |
| Item type |
Articles |